000
00244nam a22001097a 4500
082
_a
337 FRY'W
100
_a
FRYER, D. W
_9
77986
245
_a
WORLD ECONOMIC DEVELOPMENT
260
_a
NEWYORK
_b
MCGRAW HILL
_c
1965
300
_a
627P
942
_c
BK
999
_c
583150
_d
583150